| 000 | 00588cam a2200217 i 4500 | ||
|---|---|---|---|
| 001 | 1811033 | ||
| 005 | 20180820070416.0 | ||
| 008 | 800724s1980 maua b 001 0 eng | ||
| 010 | _a 79088599 | ||
| 020 | _a0395282535 | ||
| 040 |
_aDLC _cDLC _dDLC |
||
| 041 | _aeng | ||
| 080 | _a808.042 | ||
| 082 | 0 | 0 |
_a808.042 _219 |
| 100 | 1 | _a48 | |
| 101 | _aEDU | ||
| 245 | 1 | 0 |
_aWriting with a purpose / _cJames M. McCrimmon, contributing authors, Susan Miller, Webb Salmon. |
| 504 | _aBibliography: p. 312-327. | ||
| 906 |
_a7 _bcbc _corignew _du _eopcn _f19 _gy-gencatlg |
||
| 942 |
_2ddc _cBK |
||
| 999 |
_c47234 _d47234 |
||